1296 1998 1999 1653 1910 1933 1465 1409 1351 1827 1135 1825 1233 1115 1221 1569 1562 1084 1076 1033 1379 1062 1271 1076 1585 1575 1880 1166 1917 1431 1166 1656 1566 1289 1478 1628 1288 1701 1162 1182 1680 1469 1156 1673 1917 1211 1103 1812 1608 1310 1423 1943 1628 1271 1421 1538 1211 1660 1642 1440 1436 1642 1519 1207 1554 1212 1455 1688 1799 1874 1413 1320 1419 1991 1312 1620 1083 1287 1716 1729 1012 1246 1095 1550 1894 1113 1835 1930 1413 1314 1352 1474 1197 1037 1255 1182 1708 1735 1363 BCNSPRNW ULIB Ver.6.0+V

เปลี่ยนเป็นภาษาไทย

Change to English
 แสดงรายละเอียดบรรณานุกรม
  กลับหน้าหลัก

Brief Record : Get Marc (ISO 2709) : E-mail record : QR code < ปิดหน้าต่าง
LEADER : 00000nam 2200000uu 4500
001    13399115275
003     ULIB
008    120809s2554||||th 000 0 tha d
020    ^a9789740329084
060  4 ^aWY157^bส838ก
100 0  สุภาพ ไทยแท้.
245 00 ^aการพยาบาลสูติศาสตร์ : ภาวะผิดปกติในระยะคลอด /^cสุภาพ ไทยแท้.
250    ^aพิมพ์ครั้งที่ 1.
260    ^aกรุงเทพฯ :^bจุฬาลงกรณ์มหาวิทยาลัย,^c2554.
300    ^a260 หน้า :^bภาพประกอบ
650  7 ^aครรภ์^xการพยาบาล
650  7 ^aการคลอด
650  7 ^aสูติศาสตร์
650  7 ^aการพยาบาลสูติศาสตร์
945    ^p320^l0^i19191
945    ^p320^l0^i19205
945    ^p320^l0^i19206
945    ^p320^l0^i19207
945    ^p320^l0^i19208
995    ^aทศพร
999 ^a ใช้งานได้ทุกระบบ
รายการนี้ยังไม่มีแท็ก
คุณยังไม่ได้ล็อกอิน คุณสามารถมีกิจกรรมร่วมกับเว็บไซต์ได้ แต่ต้องล็อกอินก่อน ::
  ล็อกอิน

รายการสื่อสารสนเทศ

ลำดับที่ ประเภท เลขเรียก/บาร์โค้ด สถานที่ สถานะ
1. วิทยาศาสตร์การแพทย์ และสุขภาพ
วิทยาศาสตร์การแพทย์ และสุขภาพ
สถานะ=หนังสือเก่า
WY157 ส838ก ฉ.2 
  Barcode: 19205
ห้องสมุดวิทยาเขตนครสวรรค์
►ส่วนจัดเก็บหนังสือเก่า นว.
บนชั้น
  ขอยืม
2. วิทยาศาสตร์การแพทย์ และสุขภาพ
วิทยาศาสตร์การแพทย์ และสุขภาพ
สถานะ=หนังสือเก่า
WY157 ส838ก ฉ.3 
  Barcode: 19206
ห้องสมุดวิทยาเขตนครสวรรค์
►ส่วนจัดเก็บหนังสือเก่า นว.
บนชั้น
  ขอยืม
3. วิทยาศาสตร์การแพทย์ และสุขภาพ
วิทยาศาสตร์การแพทย์ และสุขภาพ
สถานะ=หนังสือเก่า
WY157 ส838ก ฉ.4 
  Barcode: 19207
ห้องสมุดวิทยาเขตนครสวรรค์
►ส่วนจัดเก็บหนังสือเก่า นว.
บนชั้น
  ขอยืม

รายการใกล้เคียง
    ผู้แต่ง [สุภาพ ไทยแท้.]

    หัวเรื่อง [ครรภ์ การพยาบาล]
    หัวเรื่อง [การคลอด]
    หัวเรื่อง [สูติศาสตร์]
    หัวเรื่อง [การพยาบาลสูติศาสตร์]

BibComment


ยังไม่เคยถูกคอมเมนท์

คอมเมนท์ทรัพยากรรายการนี้
  คอมเมนท์: การพยาบาลสูติศาส..


 Copyright 2026. Bcnsprnw @Library